000 00282nam a2200109Ia 4500
008 190911s9999||||xx |||||||||||||| ||und||
100 _aParker,Marilyn M.
245 0 _aStrategic Transformation and Information Technology
260 _aUSA
_bPearson
_c1996
300 _a606
942 _cBK
999 _c6959
_d6959